| 000 | 00836nam a22002177a 4500 | ||
|---|---|---|---|
| 003 | LK-CoMWRAF | ||
| 005 | 20240119182759.0 | ||
| 008 | 240115b1995 |||||||| |||| 00| 0 eng d | ||
| 040 |
_aLK-CoMWRAF _dLK-CoMWRAF _eLK-CoMWRAF |
||
| 041 | _atam | ||
| 082 | _bWET | ||
| 100 |
_aவெத்தசிங்ஹ, சிபில் _vWeththasinghe, Sybil |
||
| 245 | _aஅந்நியன்/ புதியவர் | ||
| 246 | _aAnniyan/ putiyawar | ||
| 260 |
_aColombo: _bMarga, _c1995 |
||
| 300 | _a10 unnumbered p. | ||
| 700 |
_aவெத்தசிங்ஹ, சிபில் _yWeththasinghe, Sybil _eills. |
||
| 700 |
_aஜயசூரியா, பியாவதி _yJayasooriya, Piyawathi _eed. |
||
| 700 |
_aஅருணாசலம், சரோஜினி தேவி _yArunachalam, Sarojini Devi _etrans. |
||
| 942 | _cBK | ||
| 999 |
_c4623 _d4623 |
||